ADVANCED ACCOUNTING (Record no. 216963)

MARC details
000 -LEADER
fixed length control field 00477nam a22001697a 4500
008 - FIXED-LENGTH DATA ELEMENTS--GENERAL INFORMATION
fixed length control field 260415b |||||||| |||| 00| 0 eng d
020 ## - INTERNATIONAL STANDARD BOOK NUMBER
International Standard Book Number 978-81-203-3946-0
050 ## - LIBRARY OF CONGRESS CALL NUMBER
Classification number HF 5635 .B67 2010 V.2
100 ## - MAIN ENTRY--PERSONAL NAME
Personal name BOSE,D CHANDRA
245 ## - TITLE STATEMENT
Title ADVANCED ACCOUNTING
260 ## - PUBLICATION, DISTRIBUTION, ETC.
Place of publication, distribution, etc. DELHI
Name of publisher, distributor, etc. PHI LEARNING PRIVATE LIMITED
Date of publication, distribution, etc. 2010
300 ## - PHYSICAL DESCRIPTION
Extent XI,807P ILL
500 ## - GENERAL NOTE
General note INCLUDES BIBLOGRAPHIC DESCRIPTIONS
650 ## - SUBJECT ADDED ENTRY
Topical term or geographic name entry element ADVANCED ACCOUNTING
942 ## - ADDED ENTRY ELEMENTS (KOHA)
Source of classification or shelving scheme Library of Congress Classification
Koha item type Reference
Holdings
Withdrawn status Lost status Source of classification or shelving scheme Damaged status Not for loan Collection Home library Current library Shelving location Date acquired Inventory number Total checkouts Full call number Barcode Date last seen Copy number Price effective from Koha item type
    Library of Congress Classification     Business & Economics Kisii University Library Kisii University Library On Display 04/15/2026 112766   HF 5635 .B67 2010 V.2 A001601 04/15/2026 C.1 04/15/2026 Long Loan Book
    Library of Congress Classification     Business & Economics Kisii University Library Kisii University Library On Display 04/15/2026 112767   HF 5635 .B67 2010 V.2 A001603 04/15/2026 C.2 04/15/2026 Long Loan Book
    Library of Congress Classification     Business & Economics Kisii University Library Kisii University Library On Display 04/15/2026 112768   HF 5635 .B67 2010 V.2 A001606 04/15/2026 C.3 04/15/2026 Long Loan Book
    Library of Congress Classification     Business & Economics Kisii University Library Kisii University Library On Display 04/15/2026 112769   HF 5635 .B67 2010 V.2 A001605 04/15/2026 C.4 04/15/2026 Long Loan Book